| 000 | 00967nam a2200217Ia 4500 | ||
|---|---|---|---|
| 003 | Ost | ||
| 005 | 20260507075035.0 | ||
| 008 | 260507s9999||||xx |||||||||||||| ||und|| | ||
| 020 | _a4058189957 | ||
| 040 | _cfsecg | ||
| 041 | _aara | ||
| 082 | _a330 | ||
| 100 |
_aالتكريتي، سعد غالب ياسين _eمؤلف |
||
| 245 | 0 |
_aنظم مساندة القرارات / _c سعد غالب ياسين التكريتي |
|
| 260 |
_aعمان: _bدار المناهج, _c2000 |
||
| 300 |
_a400 صفحة؛ _bإيضاحات ؛ _c24 سم |
||
| 520 | _aتحليل نظم مساندة القرارات- هيكل نظم مساندة القرارات- أنواع أنظمة مساندة القرارات- نظم دعم الذكي للقرارات الاعمال الإلكترونية- تصميم نظم مساندة القرارات | ||
| 653 | _aإتخاذ القرار | ||
| 653 | _aنظم المعلومات- المؤسسة الممتدة | ||
| 942 | _cكتاب | ||
| 999 |
_c42447 _d42447 |
||